Nuevas propuestas para la gestión educativa.

Guardat en:
Dades bibliogràfiques
Autor principal: Mello, Guiomar Namo de (autor)
Format: Llibre
Idioma:espanyol
Col·lecció:(Biblioteca del normalista ; no. 10)
Matèries:
Etiquetes: Afegir etiqueta
Sense etiquetes, Sigues el primer a etiquetar aquest registre!

MARC

LEADER 00000cam^a2200000uu^4500
001 000478721
005 20250521000000.0
008 050901s1998^^^^^^^^^^^^rd^r^^000^0^spa^d
009 20260310124919.816
022 |a 9701803612 
035 |a FCE 000021721 
035 |a FCE 034699 
037 |a Acervo ITESO - Biblioteca 
041 |a spa 
082 0 4 |a 372.07  |b BN 10 
100 |a Mello, Guiomar Namo de  |e (autor) 
245 1 0 |a Nuevas propuestas para la gestión educativa. 
264 |a México :  |b SEP : CONALITEG,  |c 1998. 
300 |a 110 p. 
336 |a texto  |b txt  |2 rdacontenido 
337 |a sin mediación  |b n  |2 rdamedio 
338 |a volumen  |b nc  |2 rdasoporte 
440 0 |a (Biblioteca del normalista ;  |v no. 10) 
649 |a XX 
650 |a Economía de la educación 
650 |a Planificación de la educación 
650 |a Tendencias de la educación 
650 |a Educación básica 
650 |a Necesidades educativas 
650 |a Organización escolar 
650 |a Gestión 
650 |a Modelos educativos 
650 |a Países en desarrollo 
910 |a Fondo Centro de Estudios Educativos 
920 |a Impresos - Libros 
930 |a Fondos Especiales 
905 |a 133 
901 |a ALE034699  |b IT2  |c CEE  |u 20250521 
901 |a ALE040465  |b IT2  |c CEE  |u 20250521 
901 |a ALE040466  |b IT2  |c CEE  |u 20250521 
901 |a ALE040467  |b IT2  |c CEE  |u 20250521 
902 |a https://opac.biblio.iteso.mx/vufind/Record/000478721